000 00613nam a22002177a 4500
003 UA-OsUOA
001 79150
007 ta
008 20111103b un ||||| |||| 00| 0 ukr d
100 _aРомануха О.М.
090 _a32
_bР69
942 _cSA
040 _aUA-OsUOA
_bukr
_cUA-OsUOA
_dUA-OsUOA
245 _aРозвиток взаємовідносин України і Російської Федерації в сфері економіки (1991-2009 рр.)
300 _aС.106-112
955 _a0
041 _aukr
080 _a32
773 0 _w79129
650 7 _a32 Політика
_2UDC
999 _c365470
_d365470